000 00708nam a2200253 i 4500
001 18371
003 DO-SdUEMH
005 20260130213507.0
007 ta
008 260130s1997 dr |||gr|||| 00| 0 spa d
040 _aDO-SdUEMH
_bspa
_erda
041 _aspa
082 1 4 _mRD
_bD542
100 1 _eaut
245 _aCódigo del Menor:
_bley 14-94
_cMáximo Díaz
264 1 _aSanto Domingo, República Dominicana :
_c1997
264 4 _c©1997
300 _a125 páginas :
_c20 cm.
336 _2rdacontent
_atexto
_btxt
337 _2rdamedia
_asin mediación
_bn
338 _2rdacarrier
_avolumen
_bnc
505 2 _aPrimer libro -- Segundo libro -- Tercer libro -- Cuarto libro.
942 _2ddc
_cBK
_n0
999 _c18371
_d18371